| 000 | 01079nac a22003251u 4500 | ||
|---|---|---|---|
| 999 |
_c9094 _d9094 |
||
| 003 | EG-ScBUE | ||
| 005 | 20210504091959.0 | ||
| 008 | 200219s1972 enk f b 001 0 eng d | ||
| 020 | _a9780333085653 | ||
| 020 | _a0333085655 | ||
| 040 |
_aEG-ScBUE _beng _erda _cEG-ScBUE _dEG-ScBUE |
||
| 082 | 0 | 4 |
_a821.7 _bWOR _222 |
| 245 | 0 | 0 |
_aWordsworth : _bthe prelude : a casebook / _cedited by W. J. Harvey and Richard Gravil. |
| 264 | 1 |
_aHampshire ; _aLondon : _bMacmillan Press Ltd, _c1972. |
|
| 300 |
_a256 pages ; _c20 cm. |
||
| 336 |
_2rdacontent _atext _btxt |
||
| 337 |
_2rdamedia _aunmediated _bn |
||
| 338 |
_2rdacarrier _avolume _bnc |
||
| 490 | 0 | _aCasebook series | |
| 500 | _aDistributer: Al-Ahram. | ||
| 504 | _aIncludes bibliographical references and index. | ||
| 600 | 1 | 7 |
_aWordsworth, William, _d1770-1850. _tPrelude _xHandbooks, manuals, etc. _2BUEsh |
| 650 | _2BUEsh | ||
| 651 | _2BUEsh | ||
| 653 |
_bHHUUEENN _cMay2021 |
||
| 655 |
_vReading book _934232 |
||
| 700 | 1 |
_aGravil, Richard, _eeditor. |
|
| 700 | 1 |
_aHarvey, W. J., _eeditor. |
|
| 942 |
_cBB _k821.7HAR _2ddc |
||